MARC details
| 000 -CABECERA |
| campo de control de longitud fija |
01653nam a22002777a 4500 |
| 003 - IDENTIFICADOR DEL NÚMERO DE CONTROL |
| campo de control |
OSt |
| 005 - FECHA Y HORA DE LA ÚLTIMA TRANSACCIÓN |
| campo de control |
20251103160810.0 |
| 008 - DATOS DE LONGITUD FIJA--INFORMACIÓN GENERAL |
| campo de control de longitud fija |
250910b |||||||| |||| 00| 0 eng d |
| 020 ## - NÚMERO INTERNACIONAL ESTÁNDAR DEL LIBRO |
| Número Internacional Estándar del Libro |
0167-8116 |
| 040 ## - FUENTE DE LA CATALOGACIÓN |
| Centro catalogador/agencia de origen |
English |
| Centro/agencia transcriptor |
tbs |
| 041 ## - CÓDIGO DE LENGUA |
| Código de lengua del texto/banda sonora o título independiente |
English |
| 100 ## - ENTRADA PRINCIPAL--NOMBRE DE PERSONA |
| Nombre de persona |
Geuens, Maggie |
| 9 (RLIN) |
3457 |
| 245 ## - MENCIÓN DE TÍTULO |
| Título |
A new measure of brand personality |
| Mención de responsabilidad, etc. |
/ Maggie Geuens, Bert Weijters, Kristof De Wulf |
| 260 ## - PUBLICACIÓN, DISTRIBUCIÓN, ETC. |
| Nombre del editor, distribuidor, etc. |
International Journal of Research in Marketing |
| Fecha de publicación, distribución, etc. |
2009 |
| 362 ## - FECHAS DE PUBLICACIÓN Y/O DESIGNACIÓN SECUENCIAL |
| Fecha de publicación y/o designación secuencial |
International Journal of Research in Marketing. Volume 26, Issue 2, June 2009, Pages 97-107 |
| 520 ## - SUMARIO, ETC. |
| Sumario, etc. |
In response to criticism of brand personality measures that embrace other aspects besides brand personality, we developed a new brand personality measure consisting of personality items only. Belgian respondents (n = 12,789) participated in a study of 193 brands. The new scale consists of five factors that show an affinity with the Big Five human personality dimensions. Unlike existing scales, this new measure proved to be reliable for between-brand between-category comparisons, for between-brand within-category comparisons, and for between-respondent comparisons. Moreover, the scale showed high test–retest reliability and cross-cultural validity (in the US and nine other European countries). |
| 653 ## - TÉRMINO DE INDIZACIÓN--NO CONTROLADO |
| Término no controlado |
Brand personality |
| 653 ## - TÉRMINO DE INDIZACIÓN--NO CONTROLADO |
| Término no controlado |
Brand attitude |
| 653 ## - TÉRMINO DE INDIZACIÓN--NO CONTROLADO |
| Término no controlado |
Scale development |
| 653 ## - TÉRMINO DE INDIZACIÓN--NO CONTROLADO |
| Término no controlado |
Scale reliability |
| 653 ## - TÉRMINO DE INDIZACIÓN--NO CONTROLADO |
| Término no controlado |
Scale validity |
| 700 ## - ENTRADA AGREGADA--NOMBRE PERSONAL |
| Nombre de persona |
Weijters, Bert |
| 9 (RLIN) |
26401 |
| 700 ## - ENTRADA AGREGADA--NOMBRE PERSONAL |
| Nombre de persona |
De Wulf, Kristof |
| 9 (RLIN) |
26402 |
| 856 ## - LOCALIZACIÓN Y ACCESO ELECTRÓNICOS |
| Identificador Uniforme del Recurso |
<a href="https://bibliotheque.tbs-education.fr/Default/doc/edselp/S0167811609000172/a-new-measure-of-brand-personality">https://bibliotheque.tbs-education.fr/Default/doc/edselp/S0167811609000172/a-new-measure-of-brand-personality</a> |
| 942 ## - ELEMENTOS DE ENTRADA AGREGADA (KOHA) |
| Fuente del sistema de clasificación o colocación |
Clasificación de Library of Congress |